Life-an unfathomable Ecstasy / (Record no. 63834)

MARC details
000 -LEADER
fixed length control field 00541nam a22001577a 4500
005 - DATE AND TIME OF LATEST TRANSACTION
control field 20120306131957.0
020 ## - INTERNATIONAL STANDARD BOOK NUMBER
International Standard Book Number 817341131X
Terms of availability 350.00
035 ## - SYSTEM CONTROL NUMBER
System control number A-991985
037 ## - SOURCE OF ACQUISITION
Stock number DPL
Source of stock number/acquisition ENG
100 ## - MAIN ENTRY--PERSONAL NAME
Personal name Ranchan, O.P.
245 ## - TITLE STATEMENT
Title Life-an unfathomable Ecstasy /
Statement of responsibility, etc by O.P. Ranchan
260 ## - PUBLICATION, DISTRIBUTION, ETC. (IMPRINT)
Place of publication, distribution, etc Delhi
Name of publisher, distributor, etc Indian Publishers Distributors
300 ## - PHYSICAL DESCRIPTION
Extent 220p.
Dimensions 18 cms.
942 ## - ADDED ENTRY ELEMENTS (KOHA)
Source of classification or shelving scheme Dewey Decimal Classification
Item type English Books
Classification part 113.8
Call number suffix RAN
Holdings
Withdrawn status Lost status Not for loan Collection code Home library Current library Date acquired Cost, normal purchase price Full call number Barcode Cost, replacement price Koha item type
      Non-fiction Sarojini Nagar Sarojini Nagar 06/03/2012 350.00 113.8 RAN A-991985 350.00 English Books

© Delhi Public Library
Hit Counter
free hit counter